LEADER 00977nam a2200289 i 4500 001 991000920959707536 005 20020507103237.0 008 951212s1971 uk ||| | eng 035 $ab10148413-39ule_inst 035 $aLE00639155$9ExL 040 $aDip.to Fisica$bita 084 $a53.1.32 084 $a53.1.34 084 $aQA871.H13 100 1 $aHaar, D. ter$045042 245 10$aElements of hamiltonian mechanics /$cD.ter Haar 250 $a2nd ed. 260 $aOxford :$bPergamon,$cc1971 300 $aviii, 201 p. :$bill. ;$c22 cm. 490 0 $aInternational series of monographs in natural philosophy ;$v34 650 4$aDynamics 907 $a.b10148413$b17-02-17$c27-06-02 912 $a991000920959707536 945 $aLE006 53.1.3 TER$g1$i2006000041102$lle006$o-$pE0.00$q-$rl$s- $t0$u3$v0$w3$x0$y.i10176871$z27-06-02 996 $aElements of hamiltonian mechanics$9186432 997 $aUNISALENTO 998 $ale006$b01-01-95$cm$da $e-$feng$guk $h0$i1 LEADER 01696nas 22005653a 450 001 9910170623503321 005 20240413024958.0 011 $a1929-6339 035 $a(CKB)111088196452686 035 $a(CONSER)cn-00300545- 035 $a(EXLCZ)99111088196452686 100 $a20000411a19999999 --- a 101 0 $aeng 181 $ctxt$2rdacontent 182 $cc$2rdamedia 183 $acr$2rdacarrier 200 00$aHealthcarePapers 210 $aToronto $c[Longwoods]$d1999- 215 $a1 online resource 300 $aTitle from cover. 311 08$aPrint version: HealthcarePapers. 1488-917X (DLC)cn 00300545 (OCoLC)1082722807 606 $aMedical care$vPeriodicals 606 $aPublic health$vPeriodicals 606 $aHealth planning$vPeriodicals 606 $aHealth planning$2fast$3(OCoLC)fst00953159 606 $aMedical care$2fast$3(OCoLC)fst01013753 606 $aPublic health$2fast$3(OCoLC)fst01082238 606 $aQuality of Health Care 606 $aMedication Errors$xprevention & control 606 $aPatient Satisfaction 606 $aSafety 608 $aPeriodicals.$2fast 608 $aPeriodical. 615 0$aMedical care 615 0$aPublic health 615 0$aHealth planning 615 7$aHealth planning. 615 7$aMedical care. 615 7$aPublic health. 615 12$aQuality of Health Care. 615 22$aMedication Errors$xprevention & control. 615 22$aPatient Satisfaction. 615 22$aSafety. 676 $a362.1 686 $acci1icc$2lacc 906 $aJOURNAL 912 $a9910170623503321 920 $aexl_impl conversion 996 $aHealthcarePapers$92023893 997 $aUNINA